| 000 | 00469nam a22001817a 4500 | ||
|---|---|---|---|
| 003 | OSt | ||
| 005 | 20180116183104.0 | ||
| 008 | 170726b xxu||||| |||| 00| 0 eng d | ||
| 020 | _a0 | ||
| 040 | _c0 | ||
| 082 | _a005.75 Aul 1997 | ||
| 100 | _aMichael R. Ault | ||
| 245 |
_aOracle8 DBA: Performance Tuning _cMichael R. Ault |
||
| 260 |
_aNew Delhi India _bDreamtech Press |
||
| 300 |
_a330p. _bpb. |
||
| 440 | _aOracle8 DBA: Performance Tuning | ||
| 942 |
_2ddc _cBK |
||
| 999 |
_c351987 _d351987 |
||